Les Youtubeurs qui ont entre : 500 000k et 10M d'abonnés ! - Statistiques

Statistiques générales
  • Ce quiz a été pris 521 fois
  • Le résultat moyen est 13 sur 87
Statistiques - réponses
Indice Réponse % Correct
S Squeezie
84%
C Cyprien
73%
M Michou
69%
I Inoxtag
65%
N Norman
61%
M Mastu
55%
J Joyca
53%
T Tibo Inshape
53%
N Natoo
51%
M McFly et Carlito
44%
G Gotaga
40%
L Lebouseuh
39%
V Valouzz
34%
M Mister V
33%
J Jujufitcat
26%
P Pierre Croce
24%
E Enjoyphoenix
23%
L Le Rire jaune
23%
S Seb la frite
21%
J Joueur du grenier
20%
C Cyril
19%
L Lama Faché
19%
A Andy
18%
H HugoPosay
18%
V VodK
18%
R Rémi Gaillard
17%
S Sora
17%
F Furious Jumper
16%
N Neoxi
16%
D Doc Jazy
15%
D Dooms
15%
I IbraTV
14%
L Le monde à l'envers
14%
T TheKairi78
14%
A Antoine Daniel
13%
D Deujna
13%
D Dr Nozman
13%
B Benjamin Verrecchia
12%
B Bigorneaux et coquillages
12%
L Laink et Terracid
12%
S Siphano
10%
G Greg Guillotin
9%
Z Zerator
9%
M Mary
8%
A Amixen
7%
F Fuze III
6%
L LaSalle
6%
P Polo
6%
A Aypierre
5%
F Farod
5%
G Golden Moustache
5%
H Hugodécrypte
5%
A Ayoub
4%
G Gamemixtreize
4%
K Kenny
4%
O Oxilac
4%
T Trash
4%
W Wartek
4%
D Denyzee
3%
G Guillaume et Kim
3%
J Jean Fils
3%
A Adam le rigolo
2%
A Agentgb
2%
D DiabloX9
2%
K KaraL
2%
L Les Inachevés
2%
M MrBboy45
2%
N Nextaz
2%
N Noa
2%
S Sympa
2%
T Taupe 10
2%
A Adri Geek
1%
B BFA
1%
B Brico Sympa
1%
J Jessymitation
1%
O Oximoz
1%
T TheFantasio974
1%
A Aurelien Sama
0%
D Diabolofeat35
0%
E Enzo, tais toi
0%
E Eureka
0%
G GeekMap
0%
G Gussdx
0%
N Neezay
0%
S Seroths
0%
T Trosh
0%
U Un regard 9
0%
Aucun quiz correspondant
Distribution des résultats
% des personnes avec chaque résultat
Percentile par nombre de réponses
Votre historique - résultats
Vous n’avez pas pris ce quiz